[Event "Standard Chess"]
[Site "SchemingMind.com"]
[Date "2009.04.26"]
[Round "-"]
[White "Lone Ghost Jinn"]
[Black "startstek"]
[Result "0-1"]
[WhiteCountry "USA"]
[BlackCountry "ALG"]
[WhiteElo "1258"]
[WhiteRD "144"]
[BlackElo "1871"]
[BlackRD "79"]
[GameID "201878"]

1. d4 Nf6 2. c4 g6 3. Nf3 Bg7 4. g3 O-O 5. Nc3 d6 6. e3 Nbd7 7. Bg2 c6 8. O-O e5 9. dxe5 dxe5 10. e4 Qe7
11. a3 a5 12. Bg5 h6 13. Bxf6 Nxf6 14. Qc2 Nd7 15. Rad1 Nc5 16. b4 axb4 17. axb4 Ne6 18. Na4 Qxb4 19. Ra1 Nd4 20. Nxd4 exd4
21. Rfb1 Qe7 22. Nb6 Rxa1 23. Rxa1 d3 24. Nd5 cxd5 25. Qd1 Bxa1
0-1

[Event "Standard Chess"]
[Site "SchemingMind.com"]
[Date "2009.04.24"]
[Round "-"]
[White "klagefall"]
[Black "Lone Ghost Jinn"]
[Result "1-0"]
[WhiteCountry "GER"]
[BlackCountry "USA"]
[WhiteElo "2009"]
[WhiteRD "61"]
[BlackElo "1334"]
[BlackRD "160"]
[GameID "201890"]

1. d4 d5 2. c4 e6 3. Nf3 Nd7 4. Bg5 Ngf6 5. e3 Be7 6. Nc3 O-O 7. Rc1 c5 8. cxd5 exd5 9. dxc5 Nxc5 10. Be2 b6
11. O-O
1-0

[Event "Standard Chess"]
[Site "SchemingMind.com"]
[Date "2009.04.26"]
[Round "-"]
[White "Schaakmaatje"]
[Black "startstek"]
[Result "0-1"]
[WhiteCountry "NED"]
[BlackCountry "ALG"]
[WhiteElo "1769"]
[WhiteRD "51"]
[BlackElo "1874"]
[BlackRD "87"]
[GameID "201964"]

1. d4 Nf6 2. Bg5 Ne4 3. Bh4 c5 4. f3 g5 5. fxe4 gxh4 6. e3 Bh6 7. Kf2 cxd4 8. exd4 Qb6 9. b3 Nc6 10. Nf3 Bg7
11. c3 e5 12. Bc4 O-O 13. Na3 exd4 14. cxd4 Nxd4
0-1

[Event "Standard Chess"]
[Site "SchemingMind.com"]
[Date "2009.04.26"]
[Round "-"]
[White "Schaakmaatje"]
[Black "_keyes"]
[Result "0-1"]
[WhiteCountry "NED"]
[BlackCountry "ENG"]
[WhiteElo "1775"]
[WhiteRD "50"]
[BlackElo "2061"]
[BlackRD "71"]
[GameID "201965"]

1. d4 Nf6 2. Bg5 e6 3. e4 Be7 4. Nc3 h6 5. Bxf6 Bxf6 6. Be2 d6 7. Nf3 Nd7 8. O-O b6 9. Qd2 Bb7 10. Rfe1 O-O
11. Rad1 Be7 12. Bd3 c5 13. d5 e5 14. Ne2 Nf6 15. Ng3 Bc8 16. Bb5 a6 17. Bc6 Ra7 18. c4 Kh7 19. Nf5 Nxe4 20. Rxe4 Bxf5
21. Ree1 Bd7 22. Bxd7 Qxd7 23. h3 f5 24. Qc2 e4 25. Nh2 Bf6 26. f4 b5 27. Nf1 bxc4 28. Qxc4 Bxb2 29. Ng3 Bd4+ 30. Kh1 Qb5
0-1

[Event "Standard Chess"]
[Site "SchemingMind.com"]
[Date "2009.04.27"]
[Round "-"]
[White "Schaakmaatje"]
[Black "maaac"]
[Result "0-1"]
[WhiteCountry "NED"]
[BlackCountry "AUS"]
[WhiteElo "1755"]
[WhiteRD "49"]
[BlackElo "2002"]
[BlackRD "72"]
[GameID "201966"]

1. e4 c5 2. Nf3 d6 3. d4 cxd4 4. Nxd4 Nf6 5. Nc3 a6 6. Be2 e5 7. Nb3 Be7 8. Bg5 Nbd7 9. O-O O-O 10. f4 b5
11. Bf3 Bb7 12. Nd5 Nxd5 13. exd5 Bxg5 14. fxg5 Qxg5 15. Na5 Qe3+ 16. Kh1 Qb6 17. Qd2 f5 18. c4 e4 19. Be2 Ne5 20. Nxb7 Qxb7
21. cxb5 axb5 22. a3 Nc4 23. Bxc4 bxc4 24. Rac1 Rac8 25. Qd4 Qb3 26. Rf2 Qd3 27. Qb6 Qxd5
0-1

[Event "Standard Chess"]
[Site "SchemingMind.com"]
[Date "2009.04.25"]
[Round "-"]
[White "Schaakmaatje"]
[Black "tyler_ensor"]
[Result "1-0"]
[WhiteCountry "NED"]
[BlackCountry "CAN"]
[WhiteElo "1755"]
[WhiteRD "49"]
[BlackElo "1758"]
[BlackRD "79"]
[GameID "201967"]

1. e4 e5 2. f4 exf4 3. Nf3 g5 4. Bc4 Bg7 5. d4 d6 6. O-O h6 7. c3 Nc6 8. Qb3 Qe7 9. Na3 Na5 10. Qa4+ Nc6
11. Bd5 Bd7 12. Nb5 O-O-O 13. Bxc6 Bxc6 14. Nxa7+ Kd7 15. Nxc6 bxc6= 16. d5 Qxe4 17. Qxe4
1-0

[Event "Standard Chess"]
[Site "SchemingMind.com"]
[Date "2009.04.25"]
[Round "-"]
[White "Schaakmaatje"]
[Black "MazetaFighter"]
[Result "1/2-1/2"]
[WhiteCountry "NED"]
[BlackCountry "GRE"]
[WhiteElo "1710"]
[WhiteRD "50"]
[BlackElo "2004"]
[BlackRD "61"]
[GameID "201968"]

1. e4 c5 2. Nf3 d6 3. d4 cxd4 4. Nxd4 Nf6 5. Nc3 a6 6. Bg5 e6 7. f4 Qb6 8. Rb1 Be7 9. e5 dxe5 10. fxe5 Nd5
11. Nxd5 Qa5+ 12. Qd2 Qxd2+ 13. Bxd2 exd5 14. Bd3 Nc6 15. Nxc6 bxc6 16. O-O Bc5+ 17. Kh1 Be6 18. a3 Kd7 19. Rbe1 a5 20. b4 axb4
21. axb4 Be7 22. Ra1 Rhb8 23. c3 Kc7 24. Be3 Kb7 25. h3 h5 26. Kg1 Rxa1 27. Rxa1 Ra8 28. Ra5 f6 29. Rxa8 Kxa8 30. Bd4= fxe5
31. Bxe5 g5 32. Bd4=
1/2-1/2

[Event "Standard Chess"]
[Site "SchemingMind.com"]
[Date "2009.04.25"]
[Round "-"]
[White "Schaakmaatje"]
[Black "klagefall"]
[Result "1/2-1/2"]
[WhiteCountry "NED"]
[BlackCountry "GER"]
[WhiteElo "1755"]
[WhiteRD "49"]
[BlackElo "1987"]
[BlackRD "67"]
[GameID "201969"]

1. d4 d5 2. c4 e6 3. Nc3 Be7 4. e4 dxe4 5. Nxe4 Nc6 6. Nf3 Nf6 7. Nc3 O-O 8. Be2 b6 9. O-O Bb7 10. b3 Nd7
11. Bf4 Bf6 12. Rc1 e5 13. dxe5 Ndxe5 14. Qxd8 Raxd8 15. Nd5 Nxf3+=
1/2-1/2

[Event "Standard Chess"]
[Site "SchemingMind.com"]
[Date "2009.04.27"]
[Round "-"]
[White "startstek"]
[Black "Schaakmaatje"]
[Result "1-0"]
[WhiteCountry "ALG"]
[BlackCountry "NED"]
[WhiteElo "1871"]
[WhiteRD "79"]
[BlackElo "1710"]
[BlackRD "50"]
[GameID "201972"]

1. e4 d6 2. d4 g6 3. Nc3 Nf6 4. Be3 Nbd7 5. f3 c6 6. Qd2 Bg7 7. O-O-O O-O 8. Bh6 Bxh6 9. Qxh6 Re8 10. h4 Nf8
11. g4 Kh8 12. h5 Ng8 13. Qf4 Ne6 14. Qe3 g5 15. h6 Nf4 16. Nge2 Nxe2+ 17. Nxe2 e6 18. Rh5 f6 19. e5 Qa5 20. Kb1 dxe5
21. dxe5 Qxe5 22. Qxe5 fxe5 23. Ng3 Ne7 24. Rxg5 Ng6 25. Bd3 Rf8 26. Be4 Ne7 27. Rg7 Nd5 28. g5 b6 29. Nh5 Ba6 30. Bxd5 exd5
31. Nf6 Rxf6 32. gxf6 Be2 33. Rdg1
1-0

[Event "Standard Chess"]
[Site "SchemingMind.com"]
[Date "2009.04.27"]
[Round "-"]
[White "maaac"]
[Black "Schaakmaatje"]
[Result "1-0"]
[WhiteCountry "AUS"]
[BlackCountry "NED"]
[WhiteElo "1995"]
[WhiteRD "75"]
[BlackElo "1775"]
[BlackRD "50"]
[GameID "201974"]

1. d4 Nf6 2. c4 c5 3. Nf3 d5 4. cxd5 cxd4 5. Nxd4 Nxd5 6. e4 Nb6 7. Bc4 e6 8. Bb3 Bb4+ 9. Nc3 Qf6 10. O-O Bd7
11. Be3 Nc6 12. Nde2 Rd8 13. Qc2 O-O 14. a3 Bxc3 15. Nxc3 e5 16. Rad1 Nc8 17. Nd5 Qg6 18. f3 Be6 19. Rd2 Bxd5 20. Bxd5 N8e7
21. Rfd1 Nxd5 22. Rxd5 Rxd5 23. Rxd5 Rc8 24. Qd2 h6 25. Rd6 f6 26. Rd7 Rb8 27. b4 Qe8 28. b5 Nd4 29. Qa2+ Kh7 30. Qd5 Ne2+
31. Kf2 Nc3 32. Qd3 a6 33. b6 Nb5 34. Qd5 Nxa3 35. Rxb7 Rxb7 36. Qxb7 Qb5 37. Qd5 Qb2+ 38. Kg3 Nc2 39. Bf2 h5 40. b7 Nd4
41. Bxd4 exd4 42. Qxh5+
1-0

[Event "Standard Chess"]
[Site "SchemingMind.com"]
[Date "2009.04.27"]
[Round "-"]
[White "tyler_ensor"]
[Black "Schaakmaatje"]
[Result "1-0"]
[WhiteCountry "CAN"]
[BlackCountry "NED"]
[WhiteElo "1758"]
[WhiteRD "79"]
[BlackElo "1755"]
[BlackRD "49"]
[GameID "201975"]

1. d4 Nf6 2. c4 e5 3. dxe5 Ne4 4. Qc2 Bb4+ 5. Nd2 d5 6. a3 Bxd2+ 7. Bxd2 Nc6 8. Nf3 Bf5 9. Qc1 O-O 10. g3 Re8
11. Bg2 Nxe5 12. Nxe5 Rxe5 13. Bf4 Re7 14. cxd5 Qxd5 15. O-O c6 16. f3 Qc5+ 17. Qxc5 Nxc5 18. e4 Be6 19. Bd6
1-0

[Event "Standard Chess"]
[Site "SchemingMind.com"]
[Date "2009.04.25"]
[Round "-"]
[White "MazetaFighter"]
[Black "Schaakmaatje"]
[Result "1-0"]
[WhiteCountry "GRE"]
[BlackCountry "NED"]
[WhiteElo "2004"]
[WhiteRD "61"]
[BlackElo "1710"]
[BlackRD "50"]
[GameID "201976"]

1. d4 Nf6 2. c4 c5 3. d5 d6 4. Nc3 e5 5. e4 h6 6. f4 Bg4 7. Be2 Qd7 8. fxe5 dxe5 9. Nf3 Bd6 10. O-O O-O
11. Be3 Na6 12. h3 Bh5 13. Nxe5 Bxe5 14. Bxh5 Nxh5 15. Qxh5 Bd4 16. Bxd4 cxd4 17. Nb5 d3 18. Rad1 Nc5 19. b4 Nxe4 20. Rxd3 a6
21. Nd4 Rae8 22. Qf3 Ng5 23. Qf5 Qc7 24. c5 Re5 25. d6 Rxf5 26. dxc7 Rxf1+ 27. Kxf1 Rc8 28. h4 Ne4 29. Ne6 Ng3+ 30. Ke1
1-0

[Event "Standard Chess"]
[Site "SchemingMind.com"]
[Date "2009.04.25"]
[Round "-"]
[White "klagefall"]
[Black "Schaakmaatje"]
[Result "1-0"]
[WhiteCountry "GER"]
[BlackCountry "NED"]
[WhiteElo "2009"]
[WhiteRD "61"]
[BlackElo "1775"]
[BlackRD "50"]
[GameID "201977"]

1. d4 d5 2. c4 c6 3. Nf3 e6 4. Bg5 Ne7 5. Nc3 h6 6. Bh4 Qb6 7. Qc2 f5 8. c5 Qc7 9. e3 g5 10. Bg3 Qd8
11. Ne5 Nd7 12. Be2 Nf6 13. f3 Bg7 14. O-O Nd7 15. b4 Nxe5 16. dxe5 O-O 17. Rfd1 Bd7 18. f4 Ng6 19. Bh5 Qe8 20. Ne2 g4
21. Nd4 Qf7 22. h3 gxh3 23. gxh3 Be8 24. Kh2 Qe7 25. Qf2 Nh8 26. Bh4 Qd7 27. Bxe8 Raxe8 28. Rg1 Kh7 29. Rg2 Rg8 30. Rag1 Qf7
31. Rg3 Qd7 32. R1g2 Ref8 33. Qg1 Rf7 34. Bf6 b6 35. Bxg7 Rfxg7 36. Rxg7+
1-0

[Event "Standard Chess"]
[Site "SchemingMind.com"]
[Date "2009.04.25"]
[Round "-"]
[White "Darnell"]
[Black "tyler_ensor"]
[Result "0-1"]
[WhiteCountry "CAN"]
[BlackCountry "CAN"]
[WhiteElo "1400"]
[WhiteRD "71"]
[BlackElo "1750"]
[BlackRD "74"]
[GameID "201984"]

1. e4 e5 2. Nf3 Nc6 3. Bc4 Bc5 4. c3 Qe7 5. O-O d6 6. d4 Bb6 7. Ng5 Nh6 8. Kh1 exd4 9. f4 f6 10. Qh5+ Kd8
11. Nf7+ Nxf7
0-1

[Event "Standard Chess"]
[Site "SchemingMind.com"]
[Date "2009.04.25"]
[Round "-"]
[White "Darnell"]
[Black "klagefall"]
[Result "0-1"]
[WhiteCountry "CAN"]
[BlackCountry "GER"]
[WhiteElo "1400"]
[WhiteRD "71"]
[BlackElo "2009"]
[BlackRD "61"]
[GameID "201986"]

1. e4 e5 2. Nf3 Nc6 3. Bc4 Bc5 4. c3 Nf6 5. d4 exd4 6. cxd4 Bb4+ 7. Nc3 Nxe4 8. O-O Bxc3 9. d5 Bf6 10. Re1 Ne7
11. Rxe4 d6
0-1

[Event "Standard Chess"]
[Site "SchemingMind.com"]
[Date "2009.04.25"]
[Round "-"]
[White "tyler_ensor"]
[Black "Darnell"]
[Result "1-0"]
[WhiteCountry "CAN"]
[BlackCountry "CAN"]
[WhiteElo "1750"]
[WhiteRD "74"]
[BlackElo "1400"]
[BlackRD "71"]
[GameID "201993"]

1. Nf3 Nf6 2. c4 g6 3. d4 Bg7 4. Nc3 O-O 5. g3 d6 6. Bg2 Na6 7. O-O Qe8 8. e4 e5 9. d5 Nc5 10. Re1 a5
11. Nd2 Nd3 12. Re3
1-0

[Event "Standard Chess"]
[Site "SchemingMind.com"]
[Date "2009.04.25"]
[Round "-"]
[White "klagefall"]
[Black "Darnell"]
[Result "1-0"]
[WhiteCountry "GER"]
[BlackCountry "CAN"]
[WhiteElo "2009"]
[WhiteRD "61"]
[BlackElo "1400"]
[BlackRD "71"]
[GameID "201995"]

1. d4 Nf6 2. c4 g6 3. Nc3 Bg7 4. e4 d6 5. Nf3 O-O 6. Be2 Na6 7. O-O e5 8. d5 Nc5 9. Nd2 a5 10. Rb1 Bd7
11. b3 Ne8 12. a3
1-0